| 000 | 02696cam a22005294i 4500 | ||
|---|---|---|---|
| 003 | PE-LiUPU | ||
| 005 | 20250731173416.0 | ||
| 008 | 150706s1996 mou rb 000 0 spa d | ||
| 020 | _a9780570099543 | ||
| 035 | _a(Sirsi) i9780570099543 | ||
| 040 |
_aPE-LiUPU _bspa _cPE-LiUPU _erda |
||
| 049 | _aPRUA | ||
| 082 | 0 | 4 |
_a278 _bB57 _221 |
| 100 | 1 |
_aBlank, Rodolfo, _eautor. |
|
| 245 | 1 | 0 |
_aTeología y misión en América Latina / _cRodolfo Blank. |
| 264 | 1 |
_aSt. Louis : _bConcordia Publishing House, _c1996. |
|
| 300 |
_a318 páginas ; _c23 centímetros |
||
| 336 |
_atext _2rdacontent |
||
| 337 |
_aunmediated _2rdamedia |
||
| 338 |
_avolume _2rdacarrier |
||
| 500 | _aEl segundo ejemplar tiene la cubierta de colores. | ||
| 504 | _aIncluye referencias bibliográficas. | ||
| 505 | 0 | _aTeología y misión en la edad de la exploración -- Teología y misión en la edad de la conquista -- Métodos misioneros en la era de los conquistadores -- El catolicismo tradicional en Iberoamérica -- La religiosidad popular -- Dios, María y los santos en la religiosidad popular -- La cultura de la pobreza -- Factores culturales -- La llegada de las iglesias del protestantismo histórico a América Latina -- Factores en el crecimiento del protestantismo -- El pentecostalismo en América Latina -- La teología de la liberación -- Las comunidades de base -- La opción preferencial por los pobres -- La cristología de la teología de la liberación. | |
| 526 | _aSEG42 | ||
| 526 | _aSEG41 | ||
| 526 | _aSEG40 | ||
| 526 | _aSEG39 | ||
| 526 | _aP94 | ||
| 526 | _aP87 | ||
| 526 | _aP86 | ||
| 526 | _aP85 | ||
| 526 | _aP77 | ||
| 526 | _aP76 | ||
| 526 | _aP35 | ||
| 541 | _g001-0000567; | ||
| 541 | _g001-0000614; | ||
| 651 |
_aAmérica Latina _xReligión. |
||
| 700 | 1 |
_aHoppe, Héctor, _eeditor. |
|
| 910 |
_agl _cjck _d20120521 |
||
| 942 |
_2ddc _cBOOK |
||
| 949 |
_a278 B57 _wDEWEY _c1 _i64688 _lCCODEBUL1 _mBUL _p12.00 _r0 _sY _tBOOK _u2015-7-6 _xTEOLOGIA _PP35 _o.STAFF. Colección General |
||
| 949 |
_a278 B57 _wDEWEY _c2 _i65795 _lCCODEBUL1 _mBUL _p37.00 _r0 _sY _tBOOK _u2015-7-6 _xTEOLOGIA _PP35 _o.STAFF. Colección General |
||
| 994 |
_aC0 _bPEPRU |
||
| 596 | _a1 | ||
| 999 |
_a278 B57 _wDEWEY _c53393 _i64688 _d53393 _f2021-11-11 _g5 _lCCODEBUL1 _mBUL _p12.00 _q1 _r0 _sY _tBOOK _u2015-7-6 _xTEOLOGIA _PP35 _0COMPRA _o.STAFF. Colección General |
||
| 999 |
_a278 B57 _wDEWEY _c2 _i65795 _d2016-1-10 _e2016-1-8 _f2021-11-11 _g5 _lCCODEBUL1 _mBUL _n1 _p37.00 _r0 _sY _tBOOK _u2015-7-6 _xTEOLOGIA _PP35 _0COMPRA _o.STAFF. Colección Teología |
||
| 980 |
_81 _gALBERTO SANCHEZ Responsable de Automatización |
||